[Event "Memorial M.Chigorin (open)"]
[Site "masterchessopen.com - St.Petersburg (Russia)"]
[Date "2005.10.18"]
[Round "4"]
[White "Solozhenkin Evgeniy (RUS)"]
[Black "Kornev Alexei (RUS)"]
[Result "0-1"]
[WhiteElo "2495"]
[BlackElo "2578"]

{ Solozhenkin Evgeniy (RUS) +1 =1 -1 } 1.d4 Nf6 2.c4 e6 3.Nf3 c5 4.d5 exd5
5.cxd5 d6 6.Nc3 g6 7.g3 Bg7 8.Bg2 O-O 9.O-O a6 10.a4 Nbd7 11.Nd2 Re8 12.h3 Rb8
13.Nc4 Ne5 14.Na3 Nh5 15.e4 Rf8 { ? } ( 15...Bd7 16.g4 b5 17.axb5 axb5 18.Nc2
b4 19.Ne2 Nf6 20.g5 Nh5 21.f4 Nc4 22.Rb1 Bb5 23.b3 Na3 24.Bxa3 bxa3 25.Nxa3
Bxe2 26.Qxe2 Ng3 27.Qd3 Nxf1 28.Rxf1 h6 29.gxh6 Bd4+ 30.Kh1 f5 31.Nc4 Qf6
32.e5 dxe5 33.fxe5 Bxe5 34.d6 Bd4 35.Bc6 { ...0-1, Akopian Vladimir 2630 -
Marin Mihail 2520 , Moscow 1994 Olympiad } ) 16.Kh2 ( 16.g4 Qh4 17.gxh5 Bxh3
18.h6 Bh8 19.Nc2 f5 20.f3 Qg3 21.Qd2 Ng4 22.fxg4 Be5 23.Rxf5 gxf5 24.gxf5 Qh2+
25.Kf1 Qh1+ 26.Ke2 Qxg2+ 27.Kd3 Qf3+ 28.Ne3 Kf7 29.Qd1 Qxd1+ 30.Ncxd1 Rg8
31.Bd2 Rg1 32.Bc3 Bxc3 33.bxc3 Bg4 34.Nxg4 Rxg4 35.Ne3 Rh4 { ...1-0, Osnos
Viatcheslav 2384 - Lehikoinen Pertti Ilari 2217 , Turku 1984 Ch Finland (open)
} ) 16...Bd7 ( 16...f5 17.f4 fxe4 18.Nxe4 Nf7 19.Nc4 Nf6 20.a5 Nxe4 21.Bxe4
Bd7 22.Ra2 Bb5 23.b3 Bxc4 24.bxc4 b5 25.axb6 Rxb6 26.Bd2 Qf6 27.Rc2 Rb2 28.Bc1
Rxc2+ 29.Qxc2 Re8 30.Kg2 Qd4 31.Bd3 Qc3 32.Bd2 Re2+ 33.Rf2 Rxf2+ 34.Kxf2 Bd4+
35.Kg2 Qa1 36.Qb1 { ...1-0, Georgiev Kiril 2585 - Alexakis Dimitrios 2244 ,
Corfu 1991 It (open) } ) 17.Qe2 { ? } ( 17.f4 b5 18.fxe5 Nxg3 19.Kxg3 Bxe5+
20.Kf3 b4 21.Nc4 bxc3 22.bxc3 Bxc3 23.Ra3 Rb4 24.Qd3 Bd4 25.Bf4 f5 26.e5 dxe5
27.Nxe5 Bxa4 28.Rxa4 Rxa4 29.Qb3 Rb4 30.Qa2 Rb2 31.Qc4 Rb4 32.Qa2 Rb2 33.Qc4
Qh4 34.d6+ Kg7 35.Nd3 g5 36.Be5+ Kg6 { ...1-0, Ross David 2291 - O'Donnell Tom
2367 , Vancouver 1986 Ch British Columbia } ) 17...f5 ( 17...b5 18.axb5 axb5
19.Naxb5 Bxb5 20.Nxb5 Qd7 21.Nc3 c4 22.g4 Nf6 23.f4 Nd3 24.e5 dxe5 25.f5 e4
26.Nxe4 Nxe4 27.Qxe4 Qc7+ 28.Kh1 Bxb2 29.Bxb2 Rxb2 30.Qe3 Qe5 31.Qxe5 Nxe5
32.Ra7 Rd8 33.Re7 Re2 34.f6 h6 35.Rc7 Rd6 36.Kg1 Rb6 37.Rf2 { ...1-0, Birnboim
Nathan 2357 - Kunze Markus 2179 , Lugano 1989 It (open) } ) 18.f4 fxe4 19.Bxe4
( 19.fxe5 Nxg3 { +0.80 CAP } ) 19...Nf7 ( 19...Qe7 20.Bd2 Nf7 21.Rae1 Nf6
22.Bd3 Qd8 23.Rf2 Qc7 24.Qf1 Rbe8 25.Rfe2 Qd8 26.Rxe8 Rxe8 27.Rxe8+ Bxe8
28.Qe2 Bd7 29.b3 Qc8 30.Qf1 Qd8 31.Nc2 Qe7 32.Qe2 Qd8 33.Ne3 Kf8 34.g4 Qe7
35.a5 Ne8 36.Ne4 Nf6 37.Ng3 Kg8 38.Qg2 Bb5 39.Bc2 { ...1-0, Jirka Jiri 2370 -
Koehler Ronald 2252 , Griesheim 2002 It (cat.5) } ) 20.g4 Nf6 21.Bf3 b5
22.axb5 axb5 23.Naxb5 Re8 24.Qd3 { -0.11 CAP N } ( 24.Qc4 Nxg4+ 25.hxg4 Qh4+
26.Kg2 Bxg4 27.Bxg4 Qxg4+ 28.Kh2 Re5 { 0-1, Rioseco Fernando 2198 - Vasquez
Rodrigo 2445 , Vina del Mar 1998 Ch Chile } ) 24...c4 25.Qxc4 Nxg4+ 26.hxg4 {
?! } ( 26.Bxg4 Bxg4 27.Rg1 Bf5 28.Nd4 { } ) 26...Qh4+ 27.Kg2 Bxg4 28.Bxg4
Qxg4+ 29.Kf2 { ?! } ( 29.Kh1 Rxb5 30.Ra8 { } ) 29...Ng5 30.Ne2 Re4 31.Qd3 Rbe8
32.Ng3 Nh3+ { } {#R} 0-1

[Event "Ch England (team) 2005/06 (2 div)"]
[Site "masterchessopen.com - England"]
[Date "2005.10.22"]
[Round "1"]
[White "Punnett Alan Kenneth (ENG)"]
[Black "Cumbers Paul (ENG)"]
[Result "0-1"]
[WhiteElo "2116"]
[BlackElo "2123"]

1.d4 Nf6 2.c4 c5 3.d5 e6 4.Nc3 exd5 5.cxd5 d6 6.g3 g6 7.Bg2 Bg7 8.Nf3 O-O
9.O-O a6 10.a4 Nbd7 11.Nd2 Re8 12.e4 Rb8 13.Nc4 Nb6 14.Ne3 Bd7 15.f4 h5 16.h3
Nc8 17.a5 Bb5 18.Nxb5 axb5 19.e5 dxe5 20.f5 e4 21.fxg6 fxg6 22.Qc2 Qc7 23.a6
Ra8 24.a7 b6 25.Qe2 Nd6 26.Bd2 Rxa7 27.Rxa7 Qxa7 28.g4 hxg4 29.Nxg4 Nxd5
30.Bh6 Bd4+ 31.Kh1 Qe7 32.Qd2 Nf5 33.Bg5 Ng3+ 34.Kh2 Nxf1+ 35.Bxf1 Qd6+ 36.Kh1
Rf8 37.Bxb5 Qg3 38.Bc4 Qg1# 0-1

[Event "It (open) \"]
[Site "masterchessopen.com - Obrenovac (Yugoslavia)"]
[Round "2"]
[White "Pavlovic Dragoljub (SRB)"]
[Black "Rusev Krasimir (BUL)"]
[Result "1-0"]
[WhiteElo "2242"]
[BlackElo "2434"]

1.d4 Nf6 2.c4 e6 3.Nf3 c5 4.d5 d6 5.Nc3 exd5 6.cxd5 g6 7.g3 Bg7 8.Bg2 O-O
9.O-O Re8 10.Nd2 a6 11.a4 Nbd7 12.Qb3 Rb8 13.Nc4 Ne5 14.Nb6 Nh5 15.h3 f5 16.a5
Rf8 17.Ra4 Bd7 18.Nxd7 Nxd7 19.g4 fxg4 20.hxg4 Nhf6 21.g5 Nh5 22.Bh3 Bd4
23.Be6+ Kh8 24.Ne4 b5 25.Rxd4 cxd4 26.Qd1 Ng7 27.Qxd4 Ne5 28.b4 {#r} 1-0

[Event "Czech League 2005/06 (2nd) (d)"]
[Site "masterchessopen.com - Czech Republic"]
[Date "2005.11.06"]
[Round "2"]
[White "Fuchs Ludek (CZE)"]
[Black "Lamser Miroslav (CZE)"]
[Result "0-1"]
[WhiteElo "2110"]
[BlackElo "2048"]

1.d4 Nf6 2.c4 c5 3.d5 e6 4.Nc3 exd5 5.cxd5 d6 6.Nf3 g6 7.Nd2 a6 8.a4 Nbd7 9.g3
Bg7 10.Bg2 O-O 11.O-O Re8 12.f4 Ng4 13.Nc4 Nb6 14.Nxb6 Qxb6 15.a5 Qc7 16.e3
Nxe3 17.Bxe3 Rxe3 18.Qd2 Re8 19.Na4 Bg4 20.Rae1 Rad8 21.h3 Bd7 22.Nb6 Bb5
23.Rxe8+ Rxe8 24.Re1 Rxe1+ 25.Qxe1 Bxb2 26.f5 Be5 27.Be4 Qe7 28.Kg2 Qf6 29.Qf2
Bc3 30.Qa2 Qe5 31.Qc2 Be1 32.fxg6 Qxg3+ 33.Kh1 Qxh3+ 34.Kg1 hxg6 35.Bg2 Qe3+
36.Kh1 Bf2 {#R} 0-1

[Event "It (cat.7)"]
[Site "masterchessopen.com - Budapest (Hungary)"]
[Date "2005.12.13"]
[Round "9"]
[White "Slavina Irina (RUS)"]
[Black "Brinck-Claussen Bjorn (DEN)"]
[Result "0-1"]
[WhiteElo "2385"]
[BlackElo "2342"]

1.d4 Nf6 2.c4 c5 3.d5 g6 4.Nc3 d6 5.g3 Bg7 6.Bg2 O-O 7.Nf3 e6 8.O-O exd5
9.cxd5 a6 10.a4 Nbd7 11.Nd2 Re8 12.h3 Rb8 13.Nc4 Ne5 14.Na3 Nh5 15.e4 f5
16.Re1 Nf6 17.Bf4 Nxe4 18.Nxe4 fxe4 19.Rxe4 Bf5 20.Re3 b5 21.axb5 axb5 22.g4
Bd7 23.Rb1 Rf8 24.Bg3 b4 25.Bxe5 Bxe5 26.Nc4 Bd4 27.Rf3 Bb5 28.Nd2 Qh4 29.Ne4
Rxf3 30.Bxf3 Qxh3 31.Be2 Be5 32.Nf6+ Kf7 {#R} 0-1

[Event "It (open)"]
[Site "masterchessopen.com - Queenstown (New Zealand)"]
[Date "2006.01.24"]
[Round "10"]
[White "Civin Tomas (CZE)"]
[Black "Nokes Roger I (NZL)"]
[Result "1-0"]
[WhiteElo "2419"]
[BlackElo "2281"]

1.d4 Nf6 2.c4 c5 3.d5 e6 4.Nc3 exd5 5.cxd5 d6 6.Nf3 g6 7.g3 Bg7 8.Bg2 O-O
9.O-O a6 10.a4 Re8 11.Nd2 Nbd7 12.h3 Rb8 13.Nc4 Ne5 14.Na3 Nh5 15.e4 Bd7 16.a5
b5 17.axb6 Rxb6 18.Kh2 f5 19.f4 fxe4 20.Nxe4 Nf7 21.Nc4 Bb5 22.Nxb6 Bxf1
23.Qxf1 Qxb6 24.Qxa6 Qb4 25.Qe2 Kf8 26.Ra7 Qb8 27.Qa6 Rd8 28.Rb7 Qa8 29.Qc6
Kg8 30.Qc7 Rf8 31.g4 Qa1 32.Be3 Nf6 33.Nxd6 Qe1 34.Qe7 Qh4 35.Bxc5 Bh6 36.Nxf7
Bxf4+ 37.Kh1 Re8 38.Nh6+ Bxh6 39.Qf7+ Kh8 40.Bg1 Rf8 41.Qe6 Bf4 42.Qe7 Rg8
43.Bd4 Bg5 44.Rb6 {#r} 1-0

[Event "Cup Nord-West"]
[Site "masterchessopen.com - Bad Zwischenahn (Germany)"]
[Date "2006.02.02"]
[Round "1"]
[White "Korsus Bernd (GER)"]
[Black "Friedrich Wiede (GER)"]
[Result "1-0"]
[WhiteElo "2286"]
[BlackElo "1906"]

1.d4 Nf6 2.c4 c5 3.d5 e6 4.Nc3 exd5 5.cxd5 d6 6.Nf3 g6 7.g3 Bg7 8.Bg2 O-O
9.O-O a6 10.a4 Re8 11.Nd2 Nbd7 12.h3 Rb8 13.Nc4 Ne5 14.Na3 Qc7 15.f4 Ned7
16.e4 c4 17.Be3 Nc5 18.e5 dxe5 19.d6 Qa5 20.fxe5 Nfd7 21.Qd5 Re6 22.Nxc4 Qb4
23.Na2 Qb3 24.Bxc5 Nxc5 25.Qxc5 b6 26.Qc7 {#r} 1-0

[Event "Tournament"]
[Site "masterchessopen.com - Internet"]
[Date "2006.03.18"]
[Round "1"]
[White "Vallepin Cedric (FRA)"]
[Black "Pantsulaia Levan (GEO)"]
[Result "0-1"]
[WhiteElo "2136"]
[BlackElo "2596"]

1.d4 Nf6 2.c4 e6 3.Nc3 c5 4.d5 exd5 5.cxd5 d6 6.g3 g6 7.Bg2 Bg7 8.Nf3 O-O
9.O-O a6 10.a4 Nbd7 11.Nd2 Re8 12.a5 Rb8 13.Nc4 Ne5 14.Nxe5 Rxe5 15.e4 b5
16.axb6 Rxb6 17.f4 Re8 18.Re1 Ng4 19.h3 Bd4+ 20.Kf1 Nf2 21.Qf3 Nxh3 22.g4 Ng1
23.Qg3 a5 24.Be3 Rxb2 25.Bxd4 cxd4 26.Na4 Rb4 27.Kxg1 Bd7 28.e5 dxe5 29.fxe5
Bxa4 30.e6 fxe6 31.dxe6 d3 32.Rxa4 Rxa4 33.Bc6 Qb6+ 34.Qf2 d2 35.Rd1 Rxg4+
36.Kf1 Rf8 37.Bf3 Qxf2+ 38.Kxf2 Rgf4 39.e7 Rxf3+ 40.Ke2 Rf2+ 41.Ke3 R8f3+
42.Ke4 Kf7 {#R} 0-1

[Event "Ch Europe"]
[Site "masterchessopen.com - Kusadasi (Turkey)"]
[Date "2006.04.04"]
[Round "1"]
[White "Petrosian Tigran L (ARM)"]
[Black "Manca Federico (ITA)"]
[Result "1-0"]
[WhiteElo "2573"]
[BlackElo "2425"]

1.d4 Nf6 2.c4 c5 3.d5 e6 4.Nc3 exd5 5.cxd5 d6 6.Nf3 g6 7.g3 Bg7 8.Bg2 O-O
9.O-O Re8 10.Nd2 a6 11.a4 Nbd7 12.a5 b5 13.axb6 Nxb6 14.e4 Bd7 15.Nb3 Bb5
16.Re1 Nc4 17.f4 Qb6 18.Kh1 Bd7 19.Nd2 Nxd2 20.Qxd2 Nh5 21.Bf3 Qb4 22.g4 Nf6
23.h3 Bb5 24.e5 dxe5 25.fxe5 Nd7 26.Nxb5 Qxb5 27.e6 Ne5 28.Bg2 fxe6 29.Qe2 Nd3
30.dxe6 Rad8 31.e7 Rd7 32.Qe6+ Kh8 33.Bc6 Rdxe7 34.Bxb5 axb5 35.Qxe7 {#r} 1-0

[Event "Ch Denmark (Gladiator)"]
[Site "masterchessopen.com - Aalborg (Denmark)"]
[Date "2006.04.13"]
[Round "6"]
[White "Kongsted Halfdan (DEN)"]
[Black "Bekker-Jensen Simon (DEN)"]
[Result "0-1"]
[WhiteElo "2259"]
[BlackElo "2371"]

1.d4 Nf6 2.g3 g6 3.Bg2 c5 4.d5 d6 5.c4 Bg7 6.Nc3 O-O 7.Nf3 e6 8.O-O exd5
9.cxd5 a6 10.a4 Re8 11.Nd2 Nbd7 12.h3 Rb8 13.Nc4 Nb6 14.Na3 Na8 15.Re1 Qc7
16.Qd3 Bd7 17.e4 Rbc8 18.Bf1 Nb6 19.a5 Na4 20.Nxa4 Bxa4 21.Bd2 Nd7 22.Bc3 Ne5
23.Qe3 f6 24.f4 Nd7 25.Qd2 Re7 26.Kh1 Rce8 27.Bg2 Bb5 28.b3 b6 29.axb6 Nxb6
30.Rac1 Qd7 31.Qb2 Rf8 32.Rcd1 c4 33.Bd4 Na8 34.bxc4 Ba4 35.Rc1 Qb7 36.Qf2 Qb3
37.Rc3 Qb4 38.Rb1 Qa5 39.c5 Rc7 40.Nc4 {#R} 0-1

[Event "It (open)"]
[Site "masterchessopen.com - La Roda (Spain)"]
[Date "2006.04.16"]
[Round "9"]
[White "Saldano Horacio (ESP)"]
[Black "Castellanos Renier (ESP)"]
[Result "0-1"]
[WhiteElo "2420"]
[BlackElo "2471"]

1.d4 Nf6 2.c4 e6 3.g3 c5 4.d5 exd5 5.cxd5 d6 6.Nc3 g6 7.Bg2 Bg7 8.Nf3 O-O
9.O-O Re8 10.Nd2 a6 11.a4 Nbd7 12.a5 Rb8 13.h3 Nh5 14.Nc4 Ne5 15.Nb6 Nd7
16.Nxc8 Qxc8 17.e4 b5 18.axb6 Rxb6 19.Ra2 Nhf6 20.Kh2 Rb4 21.f4 c4 22.Rf2 Nc5
23.Re2 Nd3 24.Be3 h5 25.Rd2 Nd7 26.Rxd3 cxd3 27.Qxd3 Nc5 28.Bxc5 Qxc5 29.h4
Rd4 30.Qe2 a5 31.Ra1 Qb4 32.Ra4 Qb6 33.Ra2 Rb4 34.Qc2 Rb8 35.Nd1 Bxb2 36.e5
dxe5 37.d6 exf4 38.Bd5 fxg3+ 39.Kh3 Qxd6 40.Rxa5 Qf6 41.Kg2 Be5 {#R} 0-1

[Event "Olympiad"]
[Site "masterchessopen.com - Turin (Italy)"]
[Date "2006.05.24"]
[Round "4"]
[White "Avrukh Boris (ISR)"]
[Black "Megaranto Susanto (INA)"]
[Result "1-0"]
[WhiteElo "2644"]
[BlackElo "2492"]

{ Avrukh Boris (ISR) +3 =0 -0 } 1.d4 Nf6 2.c4 c5 3.d5 e6 4.Nc3 exd5 5.cxd5 d6
6.Nf3 g6 7.g3 Bg7 8.Bg2 O-O 9.O-O a6 10.a4 Nbd7 11.Nd2 Re8 12.h3 ( 12.a5 b5
13.axb6 Nxb6 14.e4 Bd7 15.Qc2 Bb5 16.Rd1 Rb8 17.h3 Qe7 18.Ra2 Nfd7 19.Nb3 Nc4
20.Na5 Nxa5 21.Rxa5 Ne5 22.Ne2 f5 23.Nf4 fxe4 24.Qxe4 Qd8 25.Ra2 Nd3 26.Ne6
Nxc1 27.Rxc1 Qf6 28.b3 Bd7 29.Qd3 Kh8 30.Nxg7 Kxg7 31.Rxa6 Bb5 { ...1-0,
Avrukh Boris 2614 - Palliser Richard 2402 , Rethymnon 2003 Cup European Club
(final) } ) 12...Rb8 13.Nc4 Nb6 { ? } ( 13...Ne5 14.Na3 Nh5 15.e4 Rf8 16.Kh2
f5 17.f4 b5 18.axb5 axb5 19.fxe5 Nxg3 20.Rf3 Bxe5 21.Naxb5 Qh4 22.exf5 Bxf5
23.Ra4 Be4 24.Rxf8+ Rxf8 25.Kg1 Ne2+ 26.Qxe2 Qg3 27.Bf4 Qxf4 28.Bxe4 Qg3+
29.Kh1 Rf1+ { 0-1, Van Wely Loek 2668 - Timman Jan H 2594 , Wijk aan Zee 2002
It (cat.18) } ) 14.Na3 { ?/= } 14...Bf5 ( 14...Bd7 15.e4 Nc8 16.Qd3 b5 17.axb5
axb5 18.Naxb5 Bxb5 19.Nxb5 Nd7 20.Qe2 Qb6 21.Na3 Qb3 22.Nc4 Ne5 23.Na5 Qd3
24.Qd1 Ra8 25.Ra3 Qb5 26.Rb3 Qa4 27.Ra3 Qb5 28.Rb3 Qa4 29.Nc6 Nxc6 30.dxc6 Be5
31.f4 Bd4+ 32.Be3 c4 33.Bxd4 Qxb3 34.Qg4 { ...1-0, Avrukh Boris 2653 -
Gashimov Vugar 2608 , Athens 11. 3.2005 It (open) "Acropolis" } ) 15.a5 (
15.g4 Bd7 16.Bf4 Nc8 17.Qd3 Re7 18.Nc4 Be8 19.Qg3 Rd7 20.a5 Bf8 21.e4 b5
22.axb6 Nxb6 23.Nxd6 Nfxd5 24.exd5 Bxd6 25.Rxa6 g5 26.Bxd6 Rxd6 27.Ne4 Rg6
28.Rd1 Bb5 29.Ra7 Rc8 30.Nc3 Bd7 31.d6 Be6 32.Be4 Rh6 33.Nd5 Bxd5 34.Bxd5 Nd7
{ ...1-0, Van Der Sterren Paul 2445 - Short Nigel D 2475 , Amsterdam 1983 It
"OHRA" } ) ( 15.f3 Bd7 16.e4 Nc8 17.Qd3 Nh5 18.g4 Nf6 19.Be3 b5 20.axb5 axb5
21.Naxb5 Bxb5 22.Nxb5 Nxd5 23.Qxd5 Rxb5 24.Ra8 Rxb2 25.Rd1 Rf8 26.g5 Qc7
27.Ra6 Nb6 28.Qxd6 Qxd6 29.Rxd6 Nc4 30.Bxc5 Nxd6 31.Rxd6 Rb1+ 32.Kf2 Rc8
33.Be3 Rc2+ 34.Rd2 Rxd2+ { ...0-1, Chow Albert 2305 - Fedorowicz John P 2485 ,
New York 1984 It (open) } ) 15...Nc8 16.Nc4 ( 16.g4 Bd7 17.Nc4 Bb5 { -0.07 CAP
} ) 16...Ne4 { -0.52 CAP } 17.Ra3 { N } ( 17.Nxe4 Bxe4 18.f3 Bf5 19.Ra2 b5
20.axb6 Nxb6 21.Na5 Nxd5 22.Nc6 Qb6 23.Nxb8 Rxb8 24.e4 Nb4 25.Ra3 Be6 26.f4
Bd4+ 27.Kh1 Na2 28.f5 Bc4 29.Rff3 d5 30.fxg6 hxg6 31.Bf1 Nxc1 32.Qxc1 Qe6
33.b3 Bxf1 34.Qxf1 dxe4 { 0-1, Reefschlaeger Helmut Dr 2308 - Davies Nigel R
2475 , Gausdal 1990 It (open) } ) 17...Na7 { ? } ( 17...Nxc3 18.bxc3 b5
19.axb6 Nxb6 20.Ne3 Bc8 21.Qd3 Nd7 22.Ng4 { } ) 18.Rb3 { ?! } ( 18.Nxe4 { !? }
18...Bxe4 19.f3 Bf5 20.e4 Bc8 21.Kh2 Nb5 22.Rd3 Qd7 23.Bf4 Bd4 24.Qc2 { } )
18...Nxc3 19.bxc3 Nb5 20.Bb2 Rc8 21.g4 Bd7 22.Qd3 f5 { ?! } ( 22...Rc7 { !? }
23.e4 f5 24.Qg3 fxe4 25.Re1 Qf6 26.Bxe4 Bh6 27.Nb6 c4 28.Rb4 Bd2 29.Nxd7 Rxd7
{ } ) 23.gxf5 Bxf5 24.e4 Bd7 25.Qg3 Qe7 26.Bc1 Be5 { ?! } ( 26...Rf8 { !? }
27.Bg5 Bf6 28.Bxf6 Qxf6 29.f4 Qe7 30.e5 Bf5 31.Kh2 Rce8 32.e6 Bc2 33.Rb2 Bf5
34.Re1 Qf6 35.Rb3 { } ) 27.f4 { ? } ( 27.Nxe5 dxe5 28.f4 c4 29.Rb4 Nd4 30.Rb2
Nb3 31.fxe5 Qxe5 32.Bf4 Qh5 33.Rbf2 Rf8 { } ) 27...Bg7 { ? } ( 27...Bf6 28.f5
Bh4 29.Qf4 g5 30.Qg4 Qf6 31.Qh5 Kh8 32.Bd2 { } ) 28.Bd2 { ? } ( 28.f5 Qf6
29.Bg5 Qf7 30.Kh2 Kh8 31.f6 Bf8 { } ) 28...Rf8 29.Rbb1 { ?! } ( 29.e5 { !? }
29...Bf5 30.Rxb5 axb5 31.Nxd6 Ra8 32.Nxf5 Rxf5 33.d6 Qd7 34.Qd3 Kh8 35.Qd5
Rxa5 36.Qxc5 { } ) 29...Rce8 30.Rbe1 Bf6 31.Re3 Bh4 32.Qh2 Kh8 { ?! } (
32...Qg7 { !? } 33.e5 Bf5 34.Be1 Be7 35.e6 Kh8 36.Qg3 Qh6 37.Kh2 { } ) 33.Bf3
{ ?! } ( 33.e5 { !? } 33...Bf5 34.Be1 dxe5 35.fxe5 Bxe1 36.Rexe1 Qh4 37.Qf4
Qxf4 38.Rxf4 Nxc3 39.Ref1 { } ) 33...Qg7 34.Bg4 Rf7 { ?! } ( 34...Bd8 { !? }
35.Qg2 Bh4 36.e5 { } ) 35.Qg2 Rfe7 36.Bxd7 Rxd7 37.e5 Bd8 { ? } ( { ? }
37...Rf7 38.Re4 Bd8 39.exd6 Rff8 40.Rfe1 Rxe4 41.Qxe4 Nxc3 42.Qe8 Qd4+ 43.Be3
{ } ) 38.e6 Rc7 39.f5 g5 40.e7 Bxe7 41.f6 { } {#r} 1-0

[Event "It (open)"]
[Site "masterchessopen.com - Salou (Spain)"]
[Date "2006.06.08"]
[Round "2"]
[White "Rofes Barcelo Josep M (ESP)"]
[Black "Edouard Romain (FRA)"]
[Result "0-1"]
[WhiteElo "2082"]
[BlackElo "2431"]

1.d4 Nf6 2.c4 c5 3.d5 e6 4.Nc3 exd5 5.cxd5 d6 6.g3 g6 7.Bg2 Bg7 8.Nf3 O-O
9.O-O Re8 10.Nd2 a6 11.a4 Nbd7 12.Nc4 Ne5 13.Nxe5 Rxe5 14.Bf4 Re8 15.e4 Ng4
16.h3 Ne5 17.Bxe5 Bxe5 18.f4 Bg7 19.Re1 Bd7 20.Bf1 c4 21.Kh2 b5 22.axb5 axb5
23.Rxa8 Qxa8 24.Qd2 Qa5 25.Re3 b4 26.Nd1 Qc5 27.Bg2 Ba4 28.Bf3 Bd4 29.Re1 c3
30.bxc3 bxc3 31.Qc1 c2 32.Ne3 Bxe3 {#R} 0-1

[Event "Ch Norway (kl. masters)"]
[Site "masterchessopen.com - Moss (Norway)"]
[Date "2006.07.10"]
[Round "3"]
[White "Borchgrevink Harald (NOR)"]
[Black "Ludvigsen Frode (NOR)"]
[Result "1-0"]
[WhiteElo "2297"]
[BlackElo "2175"]

1.d4 Nf6 2.c4 e6 3.g3 c5 4.d5 exd5 5.cxd5 d6 6.Nc3 g6 7.Bg2 Bg7 8.Nf3 O-O
9.O-O a6 10.a4 Re8 11.Nd2 Nbd7 12.h3 Rb8 13.a5 b5 14.axb6 Nxb6 15.e4 Bd7
16.Re1 Bb5 17.f4 Qc7 18.Nf3 Nfd7 19.Kh2 Rbd8 20.g4 Nc8 21.g5 Na7 22.Be3 Rb8
23.Bf2 Bc4 24.Qc2 Qb6 25.Rab1 Nb5 26.Na4 {#r} 1-0

[Event "Ch Paris (open)"]
[Site "masterchessopen.com - Paris (France)"]
[Date "2006.07.12"]
[Round "7"]
[White "Camus De Solliers Guillaume (FRA)"]
[Black "Saatdjian Thomas (FRA)"]
[Result "1-0"]
[WhiteElo "2316"]
[BlackElo "2174"]

1.d4 Nf6 2.c4 c5 3.d5 e6 4.Nc3 exd5 5.cxd5 d6 6.Nf3 g6 7.g3 Bg7 8.Bg2 O-O
9.O-O Re8 10.Nd2 a6 11.a4 Nbd7 12.h3 Rb8 13.Nc4 Nb6 14.Na3 Bd7 15.Re1 Nc8
16.Qd3 Na7 17.Nc4 Bf5 18.e4 Bc8 19.Bf4 Bf8 20.e5 Nh5 21.Bd2 dxe5 22.Nxe5 Bf5
23.Qf3 Bg7 24.Nc4 Rxe1+ 25.Rxe1 b5 26.Ne5 b4 27.g4 bxc3 28.Bxc3 Bxe5 29.Bxe5
Rb4 30.gxf5 Rxa4 31.d6 Nb5 32.d7 Ng7 33.Qa8 {#r} 1-0

[Event "It (open)"]
[Site "masterchessopen.com - Tibor (Czech Republic)"]
[Date "2006.08.01"]
[Round "4"]
[White "Civin Tomas (CZE)"]
[Black "Borkovec Milan (CZE)"]
[Result "1-0"]
[WhiteElo "2419"]
[BlackElo "2273"]

1.d4 Nf6 2.c4 c5 3.d5 d6 4.Nc3 g6 5.Nf3 e6 6.g3 exd5 7.cxd5 Bg7 8.Bg2 O-O
9.O-O a6 10.a4 Re8 11.Nd2 Nbd7 12.h3 Rb8 13.Nc4 Ne5 14.Na3 Nh5 15.e4 f5
16.exf5 Bxf5 17.g4 Bxg4 18.hxg4 Qh4 19.gxh5 Rf8 20.h6 Bh8 21.Nc4 Ng4 22.Qxg4
Qxg4 23.Nxd6 Be5 24.Nde4 Rf3 25.Ng5 Rbf8 26.Nxf3 Rxf3 27.Re1 Rxf2 28.Kxf2 Bg3+
29.Kg1 Bxe1 30.Be3 Qg3 31.Bxc5 Bd2 32.Ne4 Be3+ 33.Bxe3 Qxe3+ 34.Nf2 Kf8 35.d6
Ke8 36.Rd1 b5 37.axb5 axb5 38.Bh3 b4 39.d7+ Kd8 40.Ra1 {#r} 1-0

[Event "Ch Croatia (juniors) (under 19)"]
[Site "masterchessopen.com - Bjelolasica (Croatia)"]
[Date "2006.08.13"]
[Round "2"]
[White "Rukavina Dario (CRO)"]
[Black "Vernacki Srdjan (CRO)"]
[Result "1-0"]
[WhiteElo "2312"]
[BlackElo "2279"]

1.d4 Nf6 2.c4 c5 3.d5 e6 4.Nc3 exd5 5.cxd5 d6 6.Nf3 g6 7.g3 Bg7 8.Bg2 O-O
9.O-O Re8 10.Nd2 a6 11.a4 Nbd7 12.Nc4 Nb6 13.Na3 Rb8 14.a5 Nbd7 15.Bf4 Ne5
16.Bxe5 Rxe5 17.Nc4 Re8 18.h3 Bf5 19.g4 Bc8 20.Qd2 Qe7 21.Qf4 Rd8 22.Ra3 Ne8
23.Re1 Bd7 24.Rb3 Qf6 25.Qxf6 Bxf6 26.Rb6 Bc8 27.e3 Kf8 28.f4 Rd7 29.e4 Bd8
30.Rb3 f6 31.e5 dxe5 32.fxe5 fxe5 33.Nxe5 Re7 34.Rf1+ Kg7 35.Nc6 c4 36.Rb4 b5
37.Nxd8 Bd7 38.Nc6 Bxc6 39.dxc6 Rd8 40.b3 {#r} 1-0

[Event "Zt"]
[Site "masterchessopen.com - Toronto (Canada)"]
[Date "2006.08.24"]
[Round "7"]
[White "Milicevic Goran (CAN)"]
[Black "Gerzhoy Leonid (CAN)"]
[Result "0-1"]
[WhiteElo "2305"]
[BlackElo "2386"]

1.d4 Nf6 2.Nf3 g6 3.c4 Bg7 4.g3 c5 5.d5 O-O 6.Bg2 d6 7.O-O e6 8.Nc3 exd5
9.cxd5 Re8 10.Nd2 a6 11.a4 Nbd7 12.e4 Ne5 13.Qc2 Nh5 14.h3 f5 15.f4 Nxg3
16.fxe5 Nxf1 17.Nxf1 Bxe5 18.Ra3 fxe4 19.Nxe4 Bf5 20.Nfg3 Bxg3 21.Rxg3 Bxe4
22.Bxe4 Qh4 23.Re3 Re5 24.Qe2 Rae8 25.Bg2 Qd4 26.Kf2 Qf4+ 27.Qf3 Qxa4 28.Rxe5
Rxe5 29.Kg3 Qd4 30.Bh6 Re8 31.h4 Qxb2 32.Bh3 Qe5+ 33.Bf4 Qe1+ 34.Kg4 Rf8
35.Qe3 Qxe3 36.Bxe3 b5 37.Bf4 Rxf4+ 38.Kxf4 a5 39.Bd7 b4 40.Bb5 Kg7 41.Kg5 h6+
42.Kf4 Kf6 43.Ke4 g5 44.h5 b3 45.Ba4 c4 {#R} 0-1

[Event "Cup Mitropa"]
[Site "masterchessopen.com - Brno (Czech Republic)"]
[Round "4"]
[White "Sebenik Matej (SLO)"]
[Black "Gozzoli Yannick (FRA)"]
[Result "1-0"]
[WhiteElo "2417"]
[BlackElo "2461"]

1.d4 Nf6 2.c4 g6 3.g3 Bg7 4.Bg2 c5 5.d5 d6 6.Nc3 O-O 7.Nf3 e6 8.O-O exd5
9.cxd5 Re8 10.Nd2 a6 11.a4 Nbd7 12.h3 Rb8 13.a5 Nh5 14.Nc4 Ne5 15.Nb6 f5 16.e4
Nf6 17.f4 Nf7 18.Nxc8 Rxc8 19.exf5 gxf5 20.Re1 b5 21.axb6 Qxb6 22.Re6 c4+
23.Kh2 Nh6 24.Qe2 Rb8 25.Bf3 Nf7 26.Ra4 Rec8 27.Rxc4 Rxc4 28.Qxc4 Qf2+ 29.Bg2
Nh6 30.Qf1 Qb6 31.Re2 a5 32.Bf3 Nf7 33.Kg2 Rc8 34.Qd1 Qa7 35.Qd3 Ne4 36.Be3
{#r} 1-0

[Event "It (cat.8)"]
[Site "masterchessopen.com - Budapest (Hungary)"]
[Date "2006.09.07"]
[Round "6"]
[White "Ilincic Zlatko (SRB)"]
[Black "Papp Gellert (HUN)"]
[Result "1-0"]
[WhiteElo "2451"]
[BlackElo "2324"]

1.d4 c5 2.d5 e6 3.c4 exd5 4.cxd5 d6 5.Nc3 g6 6.g3 Bg7 7.Bg2 Nf6 8.Nf3 O-O
9.O-O Re8 10.Nd2 a6 11.a4 Nbd7 12.a5 Rb8 13.Qc2 b5 14.axb6 Nxb6 15.e4 Ng4
16.h3 Ne5 17.f4 Nec4 18.Nf3 f5 19.Ng5 Qf6 20.Kh2 Nxb2 21.Bxb2 Nc4 22.Qa4 Bd7
23.Qxc4 Rxb2 24.e5 Rxe5 25.fxe5 Qxg5 26.Rab1 Bxe5 27.Rxb2 Qxg3+ 28.Kg1 Qh2+
29.Kf2 Qg3+ 30.Ke2 Qxg2+ 31.Rf2 Qxh3 32.Rb8+ Kf7 33.Rb7 Ke8 34.Kd2 f4 35.Re2
f3 36.Rxe5+ dxe5 37.Qxc5 Qh2+ 38.Kd3 e4+ 39.Nxe4 Qe2+ 40.Kd4 {#r} 1-0

[Event "Ch European Union"]
[Site "masterchessopen.com - Liverpool (England)"]
[Date "2006.09.10"]
[Round "5"]
[White "Medvegy Zoltan (HUN)"]
[Black "Quillan Gary (ENG)"]
[Result "1-0"]
[WhiteElo "2518"]
[BlackElo "2344"]

1.d4 e6 2.c4 Nf6 3.Nf3 c5 4.d5 exd5 5.cxd5 d6 6.Nc3 g6 7.g3 Bg7 8.Bg2 O-O
9.O-O Re8 10.Nd2 a6 11.a4 Nbd7 12.h3 Rb8 13.Nc4 Nb6 14.Na3 Bd7 15.e4 Qc7
16.Be3 Nc8 17.Qd3 Na7 18.Nc4 b5 19.axb5 Nxb5 20.Bd2 Nh5 21.Rxa6 f5 22.Re1 Bd4
23.exf5 Rxe1+ 24.Bxe1 Re8 25.Bd2 Nxc3 26.bxc3 Bxf5 27.Qf3 Be4 28.Qe2 Nxg3
29.Qg4 Qb7 30.Rb6 Qxd5 31.Qxg3 Bxg2 32.cxd4 Qxc4 33.Kxg2 Qe2 34.Bh6 Qe4+
35.Qf3 Qxd4 36.Rb7 {#r} 1-0

[Event "Ch NRW"]
[Site "masterchessopen.com - Muelheim (Germany)"]
[Date "2006.10.10"]
[Round "4"]
[White "Tuschinske Matthias (GER)"]
[Black "Schmoll Heinz (GER)"]
[Result "1-0"]
[WhiteElo "2126"]
[BlackElo "2115"]

1.d4 Nf6 2.c4 e6 3.g3 c5 4.d5 exd5 5.cxd5 d6 6.Nc3 g6 7.Nf3 Bg7 8.Bg2 O-O
9.O-O Re8 10.Nd2 a6 11.a4 Nbd7 12.h3 Nh5 13.Kh2 f5 14.f4 Bxc3 15.bxc3 Re3
16.Rf3 Qe7 17.Rxe3 Qxe3 18.Ne4 {#r} 1-0